000 01205cam a2200301Ia 4500
999 _c6267
_d6267
001 22285897
003 OCoLC
005 20190116133505.0
008 900828s1981 iau bd 001 0 eng d
020 _a0529063743
020 _a9780529063748
035 _a(OCoLC)22285897
040 _aSVP
_cSVP
_dSNM
_dOCL
_dOCLCQ
_dBAKER
_dOCLCQ
_dBSC
082 _aREF 220.3
_bV782E
092 _a220.3
_bV782v, 1981a
100 1 _aVine, W. E.
_q(William Edwy),
_d1873-1949.
245 1 0 _aVine's Expository dictionary of Old and New Testament words /
_cW.E. Vine ; Old Testament edited by F.F. Bruce.
250 _a[Reference Library ed.].
260 _aIowa Falls, Iowa :
_bWorld Bible Publishers,
_cc1981.
300 _a1 v. (various pagings) ;
_c23 cm.
504 _aIncludes bibliography and index.
505 0 _aVine's Expository dictionary of Old Testament words -- Vine's Expository dictionary of New Testament words.
630 0 0 _aBible
_vDictionaries.
700 1 _aBruce, F. F.
_q(Frederick Fyvie),
_d1910-1990.
700 1 2 _aVine, W. E.
_q(William Edwy),
_d1873-1949.
_tExpository dictionary of New Testament words.
740 0 1 _aExpository dictionary of Old and New Testament words.
942 _2ddc
_cREF